000 00959nam a2200277Ia 4500
003 OSt
005 20220927115012.0
006 a|||||r|||| 00| 0
007 ta
008 220926b |||||||| |||| 00| 0 eng d
024 _a5431
037 _cThesis and Dissertations
040 _aRTL
_cRTL
_beng
041 _2eng
_aeng
082 _a"Y9(T4,b):(T).2.N9, N7/Th"
100 _aRastogi Savita
_9389831
245 0 _aAcademic staff development
_b Impact evaluation of C
260 _aDelhi
_bUniversity of Delhi
_c1997
300 _a408p
_ccm.
490 _a"University of Delhi, Management Studies (Faculty of-), Thesis. Thesis, University of Delhi, Management Studies (Faculty of-"
500 _aBibliography at the end
650 _a University
_9389832
650 _aEducation Sociology
_9389833
942 _h"Y9(T4,b):(T).2.N9, N7/Th"
_cCC
999 _c705316
_d705316